Villes de Sicile - Mort Subite - Statistiques

Statistiques générales
  • Ce quiz a été pris 432 fois
    431 depuis la dernière actualisation
  • Le résultat moyen est 9 sur 20
Answers on the Grid
Answers color-coded by a green-red scale on the quiz's grid according to % correct below.
Palerme
Catane
Messine
Raguse
Syracuse
Taormine
Lipari
Stromboli
Enna
Caltanissetta
Marsala
Gela
Vittoria
Acireale
Agrigente
Trapani
Mazara del Vallo
Cosenza
Ramacca
Milazzo
Bagheria
Milan
Rome
Ravenna
Trieste
Udine
Matera
Lecce
Naples
Bénévent
Parme
Padoue
Catanzaro
Bergame
Bolzano
Nuoro
Cagliari
Capri
Pise
Ancône
 
Statistiques - réponses
Réponse % Correct
Catane
75%
Palerme
75%
Syracuse
73%
Agrigente
62%
Taormine
62%
Trapani
57%
Messine
55%
Enna
47%
Marsala
44%
Caltanissetta
42%
Raguse
39%
Stromboli
30%
Lipari
29%
Gela
28%
Acireale
27%
Mazara del Vallo
27%
Bagheria
23%
Milazzo
21%
Vittoria
19%
Ramacca
18%
Aucun quiz correspondant
Distribution des résultats
% des personnes avec chaque résultat
Percentile par nombre de réponses
Votre historique - résultats
Vous n’avez pas pris ce quiz depuis la dernière actualisation